<?xml version="1.0" encoding="UTF-8"?>
<collection xmlns="http://www.loc.gov/MARC21/slim">
  <record>
    <leader>00000nam  2200000   4500</leader>
    <controlfield tag="001">NUTBA000000000002735</controlfield>
    <controlfield tag="005">20210525033306</controlfield>
    <datafield tag="035" ind1="#" ind2="#">
      <subfield code="a">0010-061400000000678</subfield>
    </datafield>
    <controlfield tag="008">210525################g##########0#ind##</controlfield>
    <datafield tag="020" ind1="#" ind2="#">
      <subfield code="a">979-2458-46-8</subfield>
    </datafield>
    <datafield tag="082" ind1="#" ind2="#">
      <subfield code="a">340.112</subfield>
    </datafield>
    <datafield tag="090" ind1="#" ind2="#">
      <subfield code="a">340.112 Cos a</subfield>
    </datafield>
    <datafield tag="100" ind1="#" ind2="#">
      <subfield code="a">Costanzo, Mark</subfield>
    </datafield>
    <datafield tag="245" ind1="1" ind2="#">
      <subfield code="a">Aplikasi psikologi dalam sistem hukum /</subfield>
      <subfield code="c">Mark Constanzo</subfield>
    </datafield>
    <datafield tag="260" ind1="#" ind2="#">
      <subfield code="a">Yogyakarta :</subfield>
      <subfield code="b">Pustaka Pelajar,</subfield>
      <subfield code="c">2008</subfield>
    </datafield>
    <datafield tag="300" ind1="#" ind2="#">
      <subfield code="a">xvi, 560 hlm ;</subfield>
      <subfield code="c">23 x 16 cm.</subfield>
    </datafield>
    <datafield tag="850" ind1="#" ind2="#">
      <subfield code="a">nbpnmat</subfield>
    </datafield>
    <datafield tag="084" ind1="#" ind2="#">
      <subfield code="a">340.112 COS a</subfield>
    </datafield>
    <datafield tag="650" ind1="#" ind2="4">
      <subfield code="a">Hukum - Psikologi</subfield>
    </datafield>
    <datafield tag="990" ind1="#" ind2="#">
      <subfield code="a">21305265</subfield>
    </datafield>
    <datafield tag="990" ind1="#" ind2="#">
      <subfield code="a">21305267</subfield>
    </datafield>
    <datafield tag="990" ind1="#" ind2="#">
      <subfield code="a">21305266</subfield>
    </datafield>
    <datafield tag="990" ind1="#" ind2="#">
      <subfield code="a">21305264</subfield>
    </datafield>
  </record>
</collection>
